|
|
|
|
| LEADER |
00000cam a22000004a 4500 |
| 001 |
musev2_99017 |
| 003 |
MdBmJHUP |
| 005 |
20230905053402.0 |
| 006 |
m o d |
| 007 |
cr||||||||nn|n |
| 008 |
210616s2021 txu o 00 0 eng d |
| 020 |
|
|
|a 9781648430428
|
| 020 |
|
|
|z 9781648430411
|
| 035 |
|
|
|a (OCoLC)1292832565
|
| 040 |
|
|
|a MdBmJHUP
|c MdBmJHUP
|
| 100 |
1 |
|
|a Gregg, Tim,
|e author.
|
| 245 |
1 |
0 |
|a Breaking Away :
|b How the Texas A&M University System Changed the Game /
|c Tim Gregg ; foreword by Henry C. Cisneros.
|
| 264 |
|
1 |
|a College Station :
|b Texas A & M University Press,
|c [2021]
|
| 264 |
|
3 |
|a Baltimore, Md. :
|b Project MUSE,
|c 2022
|
| 264 |
|
4 |
|c ©[2021]
|
| 300 |
|
|
|a 1 online resource (256 pages).
|
| 336 |
|
|
|a text
|b txt
|2 rdacontent
|
| 337 |
|
|
|a computer
|b c
|2 rdamedia
|
| 338 |
|
|
|a online resource
|b cr
|2 rdacarrier
|
| 588 |
|
|
|a Description based on print version record.
|
| 600 |
1 |
1 |
|a Sharp, John
|q (John Spencer)
|
| 600 |
1 |
0 |
|a Sharp, John
|q (John Spencer)
|
| 610 |
2 |
7 |
|a Texas A & M University.
|2 fast
|0 (OCoLC)fst00549598
|
| 610 |
2 |
0 |
|a Texas A & M University
|x History.
|
| 610 |
2 |
0 |
|a Texas A & M University.
|
| 655 |
|
7 |
|a History.
|2 fast
|0 (OCoLC)fst01411628
|
| 655 |
|
7 |
|a Electronic books.
|2 local
|
| 710 |
2 |
|
|a Project Muse.
|e distributor
|
| 830 |
|
0 |
|a Book collections on Project MUSE.
|
| 856 |
4 |
0 |
|z Texto completo
|u https://projectmuse.uam.elogim.com/book/99017/
|
| 945 |
|
|
|a Project MUSE - Custom Collection
|
| 945 |
|
|
|a Project MUSE - 2022 Education and Rhetoric
|
| 945 |
|
|
|a Project MUSE - 2022 Complete
|